000 00487nam a2200193Ia 4500
008 170918s9999 xx 000 0 und d
020 _a9780061886393
050 _bD613no 2009
100 _aDesserich, Brooke
245 _aNotes left behind /
245 _cby Brooke Desserich and Keith Desserich.
250 _aFirst edition
260 _aNew York :
260 _bHarper Collins,
260 _c2009
300 _a250 pages :
300 _billustrations ;
300 _c21cm.
999 _c343620
_d343620